Rohan Navaneetha

Solon A


Categories

Literature - European27001005383.7800
Literature - American3400854785.2911
Fine Arts - Music1500656084.3300
RMP - World Mythology1400555784.4000
Literature - British13004555105.7511
Literature - World and Miscellaneous2100404961.0001
Fine Arts - Painting1200356174.6701
RMP - Greco-Roman Mythology1100256383.5000
History - American1100256577.5000
Science - Physics1100255689.0000
Fine Arts - Miscellaneous020020122126.5000
RMP - Philosophy020020100110.0000
Science - Chemistry02002097101.5000
History - Cross, Historiography, and Miscellaneous1000155252.0000
Science - Biology1000156565.0000
Science - Math0100107070.0000
RMP - Islam010010121121.0000
Social Science - Economics0100108888.0000
Social Science - Linguistics0100109191.0000
RMP - Jewish Practice010010128128.0000
RMP - Buddhism010010119119.0000
RMP - East Asian Religion0100108181.0000
Social Science - Other010010119119.0000
Geography - World010010100100.0000
Other - Other Academic and General Knowledge0100109090.0000
RMP - Hinduism010010116116.0000
Science - Computer Science010010107107.0000
Science - Earth0100105858.0000
Science - Engineering and Miscellaneous0100109090.0000
Social Science - Psychology000000.0000
RMP - Other Religion000000.0000
Geography - United States000000.0000
RMP - Christian Practice000000.0000
Fine Arts - Photography000000.0000
History - European000000.0000

Buzzes

RMP - Other ReligionJainism018
RMP - World Mythologysmall036
Science - Engineering and Miscellaneousflame-retardant041
Literature - World and MiscellaneousPablo Neruda043
Literature - American“Song of Myself”2047
Literature - World and MiscellaneousOctavio Paz2049
Literature - Americanroads2052
History - Cross, Historiography, and Miscellaneousdancing2052
Social Science - Psychologypsychotherapy053
Literature - EuropeanPortuguese2053